Лукреция Борджия (Запис номер 173054)
[ съкратено ]
| 000 -Лидер | |
|---|---|
| Контролно поле с фиксирана дължина | 01549nam a2200385 c 4500 |
| 003 - Код на организацията, давaща контролен номер | |
| Контролно поле | BLK |
| 005 - Дата и час на последна редакция | |
| Контролно поле | 20230815103347.0 |
| 008 - Елементи от данни с фиксирана дължина | |
| fixed length control field | 180411b bul|||||r ||||||| ||bul|| |
| 010 ## - Наследен системен номер | |
| LC control number | KNG00181429000 |
| 020 ## - Международен стандартен номер на книга ISBN | |
| Международен стандартен номер на книга ISBN | 978-954-655-613-4 |
| -- | издат.: Бард |
| 040 ## - Източник на каталожния запис | |
| Идентификатор на билиотеката - собственик на записа | BLK |
| 041 ## - Код за език | |
| Код за езика на текст/звукозапис или на отделно заглавие | Български |
| Код за езика КДБФ | Български |
| 072 #7 - Код за тематичната категория | |
| Код организация | bullib |
| Код за тематична категория | Н83 |
| Текст | Чужда художествена литература Н |
| 080 ## - УДК | |
| Текстов определител УДК | Италианска литература |
| УДК код - определител по УДК | 821.131.1 |
| УДК определител | -31 |
| УДК - код + определител | 821.131.1-31 |
| 100 1# - Редна дума - Автор | |
| Автор | Фо, Дарио |
| Авторска отговорност | първи автор |
| R(LIN) | 134478 |
| 139 ## - Редно поле | |
| Редна дума | Фо, Дарио |
| Авторски знак | Фо - Ф 66 |
| 245 10 - Сведения за заглавието | |
| Заглавие | Лукреция Борджия |
| Подзаглавни данни | Роман |
| Редно поле (дума) | Дарио Фо; прев. Весела Лулова Цалова; рис. Дарио Фо; рис. Джесика Борони; рис. Микела Казиере. |
| 257 ## - Страна на издаване | |
| Страна на създаване/издаване | Италия |
| 260 ## - Област на издателските данни | |
| -- | София |
| Име на издателя, разпространителя и проч. | Бард |
| Година на издаване | 2015 |
| 300 ## - Физическа характеристика | |
| Страници | 288 с. |
| Размери/Мащаб | 21 см |
| 380 ## - Жанр | |
| Жанр | Худож. лит. |
| 500 ## - Общи забележки | |
| Забележка | Ориг. загл. La figlia del papa / Dario Fo. - Библиогр. с. 287. |
| 653 ## - Ключова дума – ненормативна | |
| Ключова дума | романи |
| 659 ## - Тематичен бюлетин | |
| Тематичен бюлетин | Н |
| 700 1# - Други автори (авторска отговорност) | |
| Лично име | Цалова, Весела Лулова |
| Автороска отговорност (Описва отношението между автора и произведението) | прев. |
| 9 (RLIN) | 367540 |
| 700 1# - Други автори (авторска отговорност) | |
| Лично име | Фо, Дарио |
| Автороска отговорност (Описва отношението между автора и произведението) | рис. |
| 9 (RLIN) | 134478 |
| 700 1# - Други автори (авторска отговорност) | |
| Лично име | Борони, Джесика |
| Автороска отговорност (Описва отношението между автора и произведението) | рис. |
| 9 (RLIN) | 41899 |
| 700 1# - Други автори (авторска отговорност) | |
| Лично име | Казиере, Микела |
| Автороска отговорност (Описва отношението между автора и произведението) | рис. |
| 9 (RLIN) | 74934 |
| 852 ## - Местоположение | |
| Форматна сигнатура | Цб 276646 |
| 856 4# - Електронен адрес и достъп | |
| Електронен формат | pdf - файл |
| Път до файла /url/ | |
| 856 4# - Електронен адрес и достъп | |
| Електронен формат | pdf - файл |
| Път до файла /url/ | |
| 942 ## - АРТИКУЛИ | |
| Вид на библиотечния материал | Книги |
| Скрит в OPAC | Не |
| Koha issues (borrowed), all copies | 7 |
| 944 ## - СЪЗДАВАНЕ И РЕДАКЦИЯ на ЗАПИСА | |
| Създаване/Редакция | Създаване |
| Дата на регистрацията/редакция | 10.09.2015 |
| Статус, дата на статуса | Мартин Енчев |
| Служител, извършил регистрацията/редакцията | 30575 |
| 944 ## - СЪЗДАВАНЕ И РЕДАКЦИЯ на ЗАПИСА | |
| Създаване/Редакция | Редакция |
| Дата на регистрацията/редакция | 12.04.2016 |
| Статус, дата на статуса | ф / |
| Служител, извършил регистрацията/редакцията | Пенка_Димитрова |
| 999 ## - СИСТЕМНИ КОНТРОЛНИ НОМЕРА | |
| Koha biblionumber | 173054 |
| Koha biblioitemnumber | 173054 |
| Код за отписване | Код за изгубен артикул | Източник на класификационната схема | Код за повреда | Коз за рестрикции | Код за отдаване | Артикулен № | Име на библиотеката - собственик | Име на библиотеката, в която се намира в момента | Статус (Текущо местоположение) | Дата на вписване в системата | Местоположение - отдел | Цена в лева | Инвентарен номер | Систематично азбучна сигнатура | Баркод | Номер на екземпляра | Цена в евро | Служебна бележка | Служебен тип на артикула |
|---|---|---|---|---|---|---|---|---|---|---|---|---|---|---|---|---|---|---|---|
| Не е изгубен | Universal Decimal Classification | Не е повреден | без рестрикции | заемане за дома | 295387 | Регионална библиотека "Любен Каравелов" Русе | Регионална библиотека "Любен Каравелов" Русе | Заемна - подръчен фонд | 2015-09-10 | Заемна - подръчен фонд | 13.66 | 120000792141 | П 850-31/Ф 66 | 120000792141 | 1 | 6.98 | Дост: Pk Вид: Ф N: 534 Дата: 03.09.2015 Дата инв: 23.02.2018 Бележки инв: П2018 | Книги | |
| Не е изгубен | Не е повреден | без рестрикции | ползва се в читалня | 295388 | Регионална библиотека "Любен Каравелов" Русе | Регионална библиотека "Любен Каравелов" Русе | Хранилище | 2016-04-11 | Хранилище | 17.50 | 120000799580 | Цб 276646 | 120000799580 | 2 | 8.95 | Дост: Dp Вид: Д N: 12 Дата: 01.03.2016 | Книги |